000 03945nab a2200313 i 4500
003 BR-BrBNA
005 20240202080907.0
008 240202b2018 bl.qr|pooa||| 00| 0 por |
040 _aBR-BrBNA
_bpor
072 _aK10
_b3290
072 _aF04
100 _aDantas, Renata de Paiva
100 _aOliveira, Francisco de Assis de
100 _aCavalcante, Antonio Lucieudo Gonçalves
100 _aPereira, Kleane Targino Oliveira
100 _aOliveira, Mychelle Karla Teixeira de
100 _aMedeiros, José Francismar de
245 _aQualidade de mudas de Tabebuia aurea (Manso) Benth. & Hook. em dois ambientes e diferentes níveis de fertirrigação
500 _aPublicação on-line; 23 ref.; 2 tables; 1 illus.; Summaries (En, Pt)
520 _a RESUMO A qualidade de mudas de espécies arbóreas é de fundamental importância para se obter êxito em projeto de reflorestamento ou de exploração comercial. Este trabalho foi desenvolvido com o objetivo de avaliar a influência de dois ambientes (AMB-1, casa de vegetação; AMB-2, câmara plástica instalada dentro da casa de vegetação) e concentrações de nutrientes aplicados via fertirrigação (0, 50, 100 e 150% de uma solução nutritiva padrão) na produção de mudas de Tabebuia aurea, utilizando delineamento inteiramente casualizado, com quatro repetições. Foram avaliadas as seguintes características: altura (H), diâmetro do coleto (DC), número de folhas (NF), área foliar (AF), massa seca da parte aérea (MSPA), massa seca de raiz (MSR) e massa seca total (MST), relação H/DC, área foliar específica (AFE), razão de área foliar (ARF) e índice de qualidade de Dickson (IQD). A análise dos dados revelou que houve interação significativa entre os fatores para a maioria das variáveis. O uso da câmara plástica (AMB-2) proporcionou maior crescimento das mudas de Tabebuia aurea. Soluções de fertirrigação com concentração de nutrientes variando de 80 a 100% da solução padrão proporcionam mudas de Tabebuia aurea de melhor qualidade. Palavras-chave: Tabebuia aurea; espécies florestais; índice de qualidade de Dickson.
520 _a ABSTRACT The quality of seedlings of tree species is crucial to succeed in reforestation project or commercial exploitation. This work was to evaluate the influence of two environments (AMB-1, greenhouse; AMB-2, plastic camera installed inside the greenhouse) and concentrations of nutrients applied by fertigation (0; 50; 100 and 150% of a patterns nutrient solution) in the production of seedlings of Tabebuia aurea using design was completely randomized, with four replications. The following growth characteristics were evaluated: height, stem diameter, number of leaves, leaf area, dry matter aerial part, dry root matter, dry root weight, total dry matter, height/stem diameter ratio, specific leaf area, leaf area ratio and Dickson quality index (IQD). Data analysis revealed that there was significant interaction between the factors for most variables. The use of the plastic chamber (AMB-2) provided greater growth of Tabebuia aurea seedlings. Fertigation solutions with nutrient concentrations varying from 80 to 100% of the standard solution provide better quality Tabebuia aurea seedlings. Keywords: Tabebuia aurea; forest species; index of Dickson quality.
650 _aESSÊNCIA FLORESTAL
650 _aCARAÍBA
650 _aFERTIRRIGAÇÃO
773 0 _04065
_9198128
_dSanta Maria-RS Universidade Federal de Santa Maria - Centro de Pesquisas Florestais.Departamento de Ciências Florestais. Programa de Pós-Graduação em Engenharia Florestal 1991
_o2023-437009
_tCiência Florestal (Brazil)
_x0103-9954; 1980-5098 (on-line)
_gv. 28(3) p. 1253-1262 (Jul-Sep 2018)
_wBR2023001527
856 _uhttps://periodicos.ufsm.br/cienciaflorestal/article/view/33370/pdf
942 _cAnalítica
999 _c298425
_d298425